02557cam a22004694i 4500003000900000005001700009008004100026020002700067020003000094035002700124040006900151082001700220100002500237245010300262264004900365300003800414336002100452337002500473338002300498504004000521505083000561526001001391526001001401526001001411526001001421526000801431526000801439526000801447526000801455526000801463526000801471526000801479650001901487910002801506942001401534949013701548994001401685596000601699999016101705980005501866952016601921PE-LiUPU20250731172850.0150616s2015 miu rb 000 0 eng  a0310519632 (hardcover) a9780310519638 (hardcover) a(Sirsi) i9780310519638 aDLCbspaerdacDLCdYDXdBTCTAdBDXdOCLCFdYDXCPdDTMdPE-LiUPU00a251bK552231 aKim, Juliuseauthor.10aPreaching the whole counsel of God :bdesign and deliver gospel-centered sermons /cJulius J. Kim. 1aGrand Rapids, Michigan :bZondervan,c[2015] a239 páginas ;c24 centímetros atext2rdacontent aunmediated2rdamedia avolume2rdacarrier aBibliografía : páginas 224-239.0 aPart One: Discovering the truth of the text according to the human author. Praying, selecting, reading, and meditating ; Interpreting the text: linguistic, literary, life-setting analysis -- Part Two: Discerning Christ in the text according to the divine author. Why should we "preach Christ"? Because it's foundational, biblical, and practical ; Preaching Christ from the Old Testament ; Preaching Christ from the New Testament -- Part Three: Designing the sermon according to truth, goodness, and beauty. The blueprints of sermon design, part 1 -- The blueprints of sermon design, part 2 -- Part Four: Delivering the sermon for attention, retention, integration, and transformation. The influence of neuroscience on the design and delivery of the sermon ; Delivery: nonverbal communication ; Delivery: verbal communication. aSEG42 aSEG41 aSEG40 aSEG39 aP94 aP87 aP86 aP85 aP77 aP76 aP35 0aPredicación. ajckbebjcebjd20160608 2ddccBOOK a251 K55wDEWEYc1i73606lCCODEBUL1mBULp23.60r0sYtBOOKu2016-6-8xTEOLOGIAPP850COMPRAo.STAFF. Colección General Teología aC0bPEPRU a1 a251 K55wDEWEYc9818i73606f2021-11-10g5lCCODEBUL1mBULp23.60r0sYtBOOKu2016-6-8xTEOLOGIAPP850COMPRAo.STAFF. Colección General Teologíad9818 81gALBERTO SANCHEZ Responsable de Automatización r2025-12-03 00:00:00i6l0o251 K55p73606te1v28.60w2016-06-08xPGyBKzinventario-2023-12-13102ddc50708GENfP85aBULbBULcGENd2016-06-08eCOMPRAg23.60